Statistiques concernant Les 100 meilleures équipes européennes de football

Cliquez ici pour prendre le quiz!

Statistiques générales

  • Ce quiz a été pris 9 437 fois
  • Le résultat moyen est 38 sur 100

Statistiques - réponses

indiceclub% Correct
1 ESPReal Madrid
99%
2 ESPBarcelone
98%
3 GERBayern Munich
97%
4 ITAAC Milan
96%
5 ITAJuventus
95%
7 ENGManchester United
95%
9 ITAInternazionale Milan
93%
6 ENGLiverpool
92%
58 ENGManchester City
92%
13 PORPorto
90%
8 NEDAjax Amsterdam
89%
10 PORBenfica
86%
57 FRAParis Saint-Germain
86%
18 ENGChelsea
85%
34 FRAMarseille
84%
14 ENGArsenal
83%
25 GERBorussia Dortmund
80%
19 ESPAtlético Madrid
78%
54 FRALyon
77%
11 SCOCeltic
71%
83 SPASevilla
71%
16 NEDPSV Eindhoven
68%
12 SCORangers
68%
40 ITAAS Roma
64%
24 ENGTottenham Hotspur
62%
30 PORSporting Lisbonne
61%
52 FRAAS Monaco
60%
21 ESPValence
57%
15 BELAnderlecht
53%
17 UKRDynamo Kiev
53%
60 FRASaint-Étienne
50%
22 NEDFeyenoord
48%
64 ITALazio
48%
42 TURGalatasaray
45%
72 FRABordeaux
44%
38 ENGAston Villa
43%
36 ESPAthletic Bilbao
43%
20 SRBÉtoile rouge de Belgrade
43%
81 ITANapoli
43%
63 UKRShakhtar Donetsk
42%
78 FRANantes
39%
99 ENGWest Ham United
39%
37 ENGEverton
37%
59 ENGNewcastle United
36%
28 GREOlympiakos
36%
47 CRODinamo Zagreb
35%
101 RUSZenit St-Pétersbourg
35%
91 TURFenerbahçe
32%
53 ITAFiorentina
31%
46 ENGNottingham Forest
30%
88 FRAStade Reims
29%
69 GERSchalke 04
28%
61 RUSCSKA Moscou
26%
32 GERHamburg
25%
79 SWEMalmö
24%
45 ENGLeeds United
22%
33 RUSSpartak Moscou
22%
96 GREAEK Athènes
21%
29 AUTRapid Vienne
21%
26 CZESparta Prague
21%
70 ITATorino
21%
41 BELClub Brugge
20%
75 CZESlavia Prague
20%
67 BELStandard Liège
18%
39 GERBorussia Mönchengladbach
17%
94 RUSDynamo Moscou
17%
50 GERWerder Bremen
17%
84 GERVfB Stuttgart
16%
74 GERCologne
15%
23 HUNFerencváros
15%
49 GREPanathinaikos
15%
87 ITAUC Sampdoria
15%
31 AUTAustria Vienne
14%
95 POLLegia Varsovie
14%
27 ROMSteaua Bucharest
14%
86 ENGWolverhampton Wanderers
14%
44 SERPartizan Belgrade
13%
80 ITABologne
12%
66 ITAParma
10%
43 BULCSKA Sofia
9%
77 SCOAberdeen
8%
92 SUIBasel
8%
82 GEREintracht Francfort
8%
98 NORRosenborg BK
7%
51 SWEIFK Göteborg
6%
55 SVKŠK Slovan Bratislava
5%
65 CROHajduk Split
4%
73 SUIGrasshoppers
3%
56 BULLevski Sofia
3%
90 HUNBudapest Honvéd
2%
48 HUNMTK Budapest
2%
35 HUNÚjpest
2%
71 ROMDinamo Bucharest
1%
89 GEODinamo Tbilisi
1%
93 GERDynamo Dresden
1%
97 POLGórnik Zabrze
1%
76 NIRLinfield
1%
100 GERMagdeburg
1%
68 ESPReal Zaragoza
1%
85 HUNVasas
1%

Distribution des résultats

Percentile par nombre de réponses

% des personnes avec chaque résultat

Votre développement - résultats

Vous n’avez pas pris ce quiz